000 00633nmm a2200193Ia 4500
008 251105s9999||||xx |||||||||||||||||und||
020 _a9788433975379
041 _aspa
100 _aMoya Valle, Antonio-Prometeo
245 0 _aNocturnos :
_b Cinco historias de música y crepúsculo
264 _a[Madrid, España] :
_bEditorial Anagrama,
_c[Fecha de publicación no identificada]
300 _a0 páginas
490 _aPanorama de narrativas
650 _aEnglish Narrative
700 _aMoya Valle, Antonio-Prometeo
700 1 _a Ishiguro, Kazuo
856 _uhttps://public.digitaliapublishing.com/a/80166
942 _cCF
999 _c69148
_d69148